Strategic Planning : (Record no. 11152)
[ view plain ]
| 000 -LEADER | |
|---|---|
| fixed length control field | 01009cam a2200253 a 4500 |
| 001 - CONTROL NUMBER | |
| control field | 15094458 |
| 005 - DATE AND TIME OF LATEST TRANSACTION | |
| control field | 20201128020726.0 |
| 008 - FIXED-LENGTH DATA ELEMENTS--GENERAL INFORMATION | |
| fixed length control field | 071127s2008 paua b 001 0 eng |
| 010 ## - LIBRARY OF CONGRESS CONTROL NUMBER | |
| LC control number | 2007048612 |
| 020 ## - INTERNATIONAL STANDARD BOOK NUMBER | |
| International Standard Book Number | 9780749452339 |
| 040 ## - CATALOGING SOURCE | |
| Original cataloging agency | DLC |
| Transcribing agency | DLC |
| Modifying agency | DLC |
| 050 00 - LIBRARY OF CONGRESS CALL NUMBER | |
| Classification number | HD30.28 |
| Item number | .W597 2008 |
| 082 00 - DEWEY DECIMAL CLASSIFICATION NUMBER | |
| Classification number | 658.4012 |
| Edition number | 22 |
| Item number | WIT |
| 100 1# - MAIN ENTRY--PERSONAL NAME | |
| Personal name | Wittmann, Robert G. |
| 9 (RLIN) | 2989 |
| 245 10 - TITLE STATEMENT | |
| Title | Strategic Planning : |
| Remainder of title | How to Deliver Maximum value through Effective Business Strategy / |
| Statement of responsibility, etc | Robert G. Wittmann and Matthias P. Reuter. |
| 260 ## - PUBLICATION, DISTRIBUTION, ETC. (IMPRINT) | |
| Place of publication, distribution, etc | Philadelphia : |
| Name of publisher, distributor, etc | Kogan Page Limited, |
| Date of publication, distribution, etc | c2008. |
| 300 ## - PHYSICAL DESCRIPTION | |
| Extent | xvi, 176 p. : |
| Other physical details | ill. ; |
| Dimensions | 24 cm. |
| 504 ## - BIBLIOGRAPHY, ETC. NOTE | |
| Bibliography, etc | Includes bibliographical references (p. [165]-168) and index. |
| 650 #0 - SUBJECT ADDED ENTRY--TOPICAL TERM | |
| Topical term or geographic name as entry element | Strategic planning |
| Form subdivision | Handbooks, manuals, etc. |
| 9 (RLIN) | 2990 |
| 650 #0 - SUBJECT ADDED ENTRY--TOPICAL TERM | |
| Topical term or geographic name as entry element | Business planning |
| Form subdivision | Handbooks, manuals, etc. |
| 9 (RLIN) | 2991 |
| 700 1# - ADDED ENTRY--PERSONAL NAME | |
| Personal name | Reuter, Matthias P. |
| 9 (RLIN) | 2992 |
| 942 ## - ADDED ENTRY ELEMENTS (KOHA) | |
| Source of classification or shelving scheme | Dewey Decimal Classification |
| Item type | Book - Borrowing |
| Withdrawn status | Item status | Source of classification or shelving scheme | Damaged status | Not for loan | Vendor | Home library | Current library | Shelving location | Date acquired | Source of acquisition | Cost, normal purchase price | Serial Enumeration / chronology | Total Checkouts | Total Renewals | Full call number | Barcode | Date last seen | Date last borrowed | Koha item type |
|---|---|---|---|---|---|---|---|---|---|---|---|---|---|---|---|---|---|---|---|
| Dewey Decimal Classification | Alahram | Central Library | Central Library | First floor | 31/03/2009 | 289.50 | 349 | 8 | 68 | 658.4012 WIT | 000015748 | 15/07/2025 | 07/05/2024 | Book - Borrowing |